000 00787nam a2200229Ia 4500
003 OSt
005 20220923220855.0
006 a|||||r|||| 00| 0
007 ta
008 220922b |||||||| |||| 00| 0 hin d
024 _a191,768
037 _cTextual
040 _aARTS
_cARTS
_bhin
041 _2hin
_ahin
082 _aV2.J, 152L3.8
100 _aईलियट, संपा.
245 0 _aभारत का इतिहास, अनु मथुरा लाल शर्मा
246 _aBhārat kā itihāsa, anu0 mathurā lāl sharmā
260 _aआगरा
_b शिवलाल अग्रवाल एण्ड कम्पनी
_c1973
942 _hV2.J, 152L3.8
_cTEXL
_2CC
999 _c344424
_d344424